| 000 | 00487nam a2200157 4500 | ||
|---|---|---|---|
| 001 | 122074 | ||
| 003 | ES-MaACL | ||
| 005 | 20230906191913.0 | ||
| 007 | t| | ||
| 008 | 070214s1979 sp r ||||1| spa d | ||
| 245 | 0 | 0 |
_aPoemas _b: primeros premios `La Insula` : Baleares 77-78 / _cpresentados por Esteban Pisón. |
| 260 |
_aPalma de Mallorca : _bE. Pisón, _c1979. |
||
| 300 |
_a33 h. : _bil. ; _c21 cm. |
||
| 700 | 1 |
_aPisón, Esteban. _992377 |
|
| 852 |
_aES-MaACL _j2115-F-4 _bR.100679 |
||
| 999 |
_c122074 _d122074 |
||